Komunitné centrum

Enregistré dans:
Détails bibliographiques
Auteur principal: Balážová, Zuzana (Auteur)
Autres auteurs: Kosnáč, Pavel (Directeur de thèse)
Format: Manuscrit Livre
Langue:slovaque
Publié: Bratislava 2020
Sujets:
Accès en ligne:http://is.stuba.sk/zp/portal_zp.pl?podrobnosti=139012
Tags: Ajouter un tag
Pas de tags, Soyez le premier à ajouter un tag!

MARC

LEADER 00000ntm a22000003a 4500
001 stuzp81288
003 SK-STU
005 20200810094127.5
007 ta
008 150427s2015----xo-----f-mn---000-0-slo-d
040 |a STU  |b slo 
041 0 |a slo 
100 1 |a Balážová, Zuzana  |u 051110  |4 aut  |U FAD Fakulta architektúry  |T FA Ústav architektúry obytných budov  |X 88073  |U A1110  |Y 392  |7 88073 
242 0 1 |a Community Center  |y eng 
245 1 0 |a Komunitné centrum 
260 |c 2020  |a Bratislava 
650 4 |a komunitné centum  |2 slo 
650 4 |a multifunkčnosť  |2 slo 
650 4 |a jednoduchosť  |2 slo 
650 4 |a simplicity  |2 eng 
650 4 |a Multifunctionality  |2 eng 
650 4 |a Community centre  |2 eng 
700 1 |a Kosnáč, Pavel  |u 051110  |k Z8  |4 ths  |U FAD Fakulta architektúry  |T FA Ústav architektúry obytných budov  |X 4204  |U A1110  |Y 392  |7 A000004204 
856 4 |u http://is.stuba.sk/zp/portal_zp.pl?podrobnosti=139012  |u xhttps://opac.crzp.sk/?fn=detailBiblioForm&sid=2C8AB4190B6536A9D680187B1CEB